00770nas a2200241 i 45000010005000000030009000050050017000140080041000310220014000720800010000860800007000962450061001032600038001643000029002023100011002313210023002423620128002655000041003936500017004347000024004518520041004758660012005161215ES-MaACL20250718150757.0950801d19871991sp w| | 1 ||pa d a0214-7785 a(054) a0703aEl Independiente b: semanario de información general. aMadrid : bEdiobser, c1987-1991. a68 v. ; c55 cm ; 46 cm. aDiaria aSemanal, b1987-890 aVol. 1, n. 1 (20-27 jun. 1987)-año 3, n. 104 ( 9-15 jun. 1989) ; año 1, n. 1 (4 jul. 1989)-año 3, n. 844 (31oct 1991) aNueva numeración, n. 1 (jul. 1989)14aPeriódicos1 aSebastián, Pablo. aES-MaACLjHEM-GF-24 dOlim: Hem-1684 0o1987-91